Truyện ngắn Thế Lữ

Tallennettuna:
Bibliografiset tiedot
Päätekijä: Thế Lữ
Aineistotyyppi: Kirja
Kieli:Undetermined
Julkaistu: Hà Nội Hội Nhà Văn 1997
Aiheet:
Tagit: Lisää tagi
Ei tageja, Lisää ensimmäinen tagi!
Thư viện lưu trữ: Trung tâm Học liệu Trường Đại học Cần Thơ
LEADER 00505nam a2200169Ia 4500
001 CTU_20248
008 210402s9999 xx 000 0 und d
082 |a 895.922331 
082 |b Th250tn 
100 |a Thế Lữ 
245 0 |a Truyện ngắn Thế Lữ 
245 0 |c Thế Lữ 
260 |a Hà Nội 
260 |b Hội Nhà Văn 
260 |c 1997 
650 |a short stories, vietnamese - 20th century - collections 
980 |a Trung tâm Học liệu Trường Đại học Cần Thơ